Life was never meant to be a struggle / (Record no. 31318)

000 -LEADER
fixed length control field 00941cam a2200265 a 4500
001 - CONTROL NUMBER
control field 4965415
005 - DATE AND TIME OF LATEST TRANSACTION
control field 20220302094814.0
008 - FIXED-LENGTH DATA ELEMENTS--GENERAL INFORMATION
fixed length control field 971218r19981987cau 000 0 eng
010 ## - LIBRARY OF CONGRESS CONTROL NUMBER
LC control number 97053042
020 ## - INTERNATIONAL STANDARD BOOK NUMBER
International Standard Book Number 1561705357 (trade paper)
040 ## - CATALOGING SOURCE
Original cataloging agency DLC
Transcribing agency DLC
Modifying agency DLC
050 00 - LIBRARY OF CONGRESS CALL NUMBER
Classification number BL624
Item number .W545 1998
082 00 - DEWEY DECIMAL CLASSIFICATION NUMBER
Classification number 158
Edition number 21
100 1# - MAIN ENTRY--PERSONAL NAME
Personal name Wilde, Stuart,
Dates associated with a name 1946-
245 10 - TITLE STATEMENT
Title Life was never meant to be a struggle /
Statement of responsibility, etc. Stuart Wilde.
260 ## - PUBLICATION, DISTRIBUTION, ETC. (IMPRINT)
Place of publication, distribution, etc. Carlsbad, CA :
Name of publisher, distributor, etc. Hay House,
Date of publication, distribution, etc. 1998.
300 ## - PHYSICAL DESCRIPTION
Extent 48 p. ;
Dimensions 16 cm.
500 ## - GENERAL NOTE
General note Originally published: Sydney, Australia : Nacson, 1987.
650 #0 - SUBJECT ADDED ENTRY--TOPICAL TERM
Topical term or geographic name as entry element Spiritual life.
650 #0 - SUBJECT ADDED ENTRY--TOPICAL TERM
Topical term or geographic name as entry element Struggle
General subdivision Religious aspects.
650 #0 - SUBJECT ADDED ENTRY--TOPICAL TERM
Topical term or geographic name as entry element Relaxation.
906 ## - LOCAL DATA ELEMENT F, LDF (RLIN)
a 7
b cbc
c orignew
d 1
e ocip
f 19
g y-gencatlg
942 ## - ADDED ENTRY ELEMENTS (KOHA)
Source of classification or shelving scheme
Classification part BL624 .W545 1998
Koha item type Special Collection
Holdings
Withdrawn status Lost status Source of classification or shelving scheme Damaged status Not for loan Home library Current library Shelving location Date acquired Source of acquisition Cost, normal purchase price Total Checkouts Full call number Barcode Date last seen Date last checked out Price effective from Koha item type
          MACHAKOS UNIVERSITY LIBRARY MACHAKOS UNIVERSITY LIBRARY Special Collection 02/03/2022 Donation- Damaris Kimanzi 1509.00 2 BL 624 .W545 1998 23722 14/08/2023 01/08/2023 02/03/2022 Hard Covered Materials
© Machakos University Library, Along The Highway, Machakos Wote Rd, Machakos, Kenya P.O. Box 136 - 90100 Machakos - Kenya

Tel: ( +254 ) 723 805829 OR Fax : 044-20353 OR Email: library@mksu.ac.ke